Wolverine Enemies Quiz Stats

 Plays Quiz not verified by Sporcle

Also try: 'G' Game
Challenge
Share
Tweet
Embed
Score 0/21 Timer 05:00
0 Plays Today
Hint Name % Correct
Victor Creed, Superhuman senses, strength, stamina, agility, and reflexes, Resistance to telepathic assault and controlSabretooth
93.5%
Yuriko Oyama, Superhuman strength, speed, agility, and reflexes, Adamantium skeleton and retractable claw nails.Lady Deathstrike
77.3%
Kenuichio Harada, Channel mutant energy into most commonly a sword, to create a tachyon field capable of cutting anything except adamantium.Silver Samurai
71.4%
Arkady Rossovich, Carbonadium retractable tentacles housed within each arm.Omega Red
68.8%
Raven Darkhölme, Shapeshifting, Superhuman agility, AgelesMystique
66.9%
Daken, Regenerative healing factor, Retractable claws, Hyper senses, Superhuman endurance and stamina, reactions and reflexes, agility and coordination, Pheromone manipulation thatDark Wolverine
56.5%
Silas Burr (mind), Milo Gunderson (body), Superhuman strength Adamantium skin and retractable claws, Psionic ability to track individual brain patternsCyber
39%
Lupus sapiens, Immortality or superhumanly prolonged lifespan, Animalistic traits, Superhuman intelligenceRomulus
31.2%
Kyle Gibney, Razor sharp claws and fangs, Superhuman senses, strength, speed, agility, reflexes, coordination, balance, enduranceWild Child
30.5%
A curse, Superhuman strength, durability, endurance, and regenerative healing factor, Hardened talonsWendigo
26.6%
Tony Masters, Photographic reflexes, Voice mimicryTaskmaster
24.7%
Hint Name % Correct
Unknown, Superhuman strength, speed, stamina, agility and reflexes, Regenerative healing factor, Limited shape-shifting, Ability to drain blood from victims by touching their skin Bloodscream
23.4%
Tomi Shishido, Ability to turn humans to stone by making eye contact with them, Telepathy, Teleportation device.Gorgon
20.8%
Frank Simpson, Cybernetic enhancements grant superhuman strength, speed, stamina, and sturdiness, Second Heart, Part of Weapon Plus programNuke
19.5%
Tyler Dayspring, Could project solid holograms of memories of others, advanced knowledge of technology.Genesis
18.8%
Skilled swordsman, Mariko's Father.Shingen Yashida
18.8%
Robert Hunter, Immense self-detonation, after which he exists as a diffused gaseous form, Ability to reform at willNitro
17.5%
Unknown,Telepathic ability to switch bodies and control minds which is derived from either a mutation or mystical powersOgun
16.2%
Asgardian, superhuman strength, stamina, and durability due to his rock troll heritageRoughouse
11%
Unknown, Minor telepathic ability Physical abilities at the pinnacle of human conditioning master martial artistMister X
8.4%
Extradimensional Mutate, Ability to generate telekinetic dragon-shaped flares which can harm targets on multiple planes, TelepathyChimera
6.5%

You're not logged in!

Compare scores with friends on all Sporcle quizzes.
Join for Free
OR
Log In

You Might Also Like...

Show Comments

Extras

Created Dec 17, 2011ReportNominate
Tags:enemy, wolverine

Top Quizzes Today


Score Distribution

Your Account Isn't Verified!

In order to create a playlist on Sporcle, you need to verify the email address you used during registration. Go to your Sporcle Settings to finish the process.

Report this User

Report this user for behavior that violates our Community Guidelines.

Details: